1047 1389 1710 1349 1419 1040 1015 1732 1721 1842 1403 1370 1450 1844 1354 1197 1404 1300 1144 1897 1285 1818 1760 1364 1552 1118 1793 1646 1658 1972 1094 1413 1754 1614 1363 1462 1448 1949 1830 1689 1517 1336 1295 1552 1471 1966 1692 1065 1091 1344 1189 1101 1085 1845 1362 1296 1339 1189 1614 1588 1264 1652 1931 1401 1395 1476 1552 1221 1628 1552 1598 1871 1481 1572 1802 1181 1714 1021 1550 1667 1169 1529 1721 1358 1816 1340 1760 1351 1270 1336 1083 1137 1350 1441 1583 1845 1251 1472 1124 BCNSPRNW ULIB Ver.6.0+V

เปลี่ยนเป็นภาษาไทย

Change to English
 แสดงรายละเอียดบรรณานุกรม
  กลับหน้าหลัก

Brief Record : Get Marc (ISO 2709) : E-mail record : QR code < ปิดหน้าต่าง
LEADER : 00000nam 2200000uu 4500
001    13399128061
003     ULIB
008    220204s2563||||th 000 0 tha d
020    ^a9786164980198
050    ^a^bนว.^bต-ต
100    ^aติกาหลัง
245    ^aตุลยธรอ้อนรัก
250    ^aพิมพ์ครั้งที่ 1
260    ^aกรุงเทพฯ :^bแสนรัก,^c2563
300    ^a344 หน้า;^b21 ซม.
650    ^aนวนิยาย
945    ^p307^l0^i29206
999    ^aกัณชพร จุลอักษร
รายการนี้ยังไม่มีแท็ก
คุณยังไม่ได้ล็อกอิน คุณสามารถมีกิจกรรมร่วมกับเว็บไซต์ได้ แต่ต้องล็อกอินก่อน ::
  ล็อกอิน

รายการสื่อสารสนเทศ

ลำดับที่ ประเภท เลขเรียก/บาร์โค้ด สถานที่ สถานะ
1. วิทยาศาสตร์การแพทย์ และสุขภาพ
วิทยาศาสตร์การแพทย์ และสุขภาพ
นว. ต-ต ฉ.1 
  Barcode: 29206
ห้องสมุดวิทยาเขตนครสวรรค์
►นวนิยาย:l:Fiction
บนชั้น

รายการใกล้เคียง
    ชื่อเรื่อง [ตุลยธรอ้อนรัก]

    ผู้แต่ง [ติกาหลัง]

    หัวเรื่อง [นวนิยาย]

BibComment


ยังไม่เคยถูกคอมเมนท์

คอมเมนท์ทรัพยากรรายการนี้
  คอมเมนท์: ตุลยธรอ้อนรัก


 Copyright 2026. Bcnsprnw @Library